Indicators of regional development- an appraisal (Record no. 496704)

000 -LEADER
fixed length control field 00373cam a22001097a 4500
008 - FIXED-LENGTH DATA ELEMENTS--GENERAL INFORMATION
fixed length control field 180718b1977 xxu||||| |||| 00| 0 eng d
082 ## - DEWEY DECIMAL CLASSIFICATION NUMBER
Classification number Tooox5453 K45
245 ## - TITLE STATEMENT
Title Indicators of regional development- an appraisal
Statement of responsibility, etc. by Bureau of Economcs & Statistics
260 ## - PUBLICATION, DISTRIBUTION, ETC.
Place of publication, distribution, etc. Trivandrum
Name of publisher, distributor, etc. Government of kKerala
Date of publication, distribution, etc. 1977
300 ## - PHYSICAL DESCRIPTION
Extent 103p
700 ## - ADDED ENTRY--PERSONAL NAME
Personal name Kerala. Bureau of Economcs & Statistics
Holdings
Withdrawn status Lost status Damaged status Not for loan Permanent Location Current Location Date acquired Full call number Barcode Date last seen Price effective from Koha item type
        Indian Institute of Public Administration Indian Institute of Public Administration 2018-08-04 Tooox5453 K45 GG17162 2018-08-04 2018-08-04 GG

Powered by Koha